[Event "NOR-ch Seniors-B"]
[Site "Oslo"]
[Date "2015.07.10"]
[Round "8"]
[White "Runde, Per Steinar"]
[Black "Jorgensen, Rune A"]
[Result "0-1"]
[WhiteElo "1438"]
[BlackElo "1300"]
[PlyCount "100"]
[EventDate "2015.07.04"]
[EventType "swiss"]
[EventRounds "9"]
[EventCountry "NOR"]
[SourceTitle "EXT 2017"]
[Source "ChessBase"]
[SourceDate "2016.10.25"]
[SourceVersion "1"]
[SourceVersionDate "2016.10.25"]
[SourceQuality "1"]

1. e4 e5 2. Nf3 Nc6 3. Bb5 Nf6 4. 0-0 Nxe4 5. d3 Nd6 6. Bxc6 dxc6 7. Nxe5 Be7 8. Nc3 0-0 9. Bd2 Bf6 10. Ng4 Bg5 11. f4 Bh4 12. Ne5 Be6 13. Qh5 g6 14. Qf3 Bf6 15. Rad1 Nf5 16. Qf2 Qd4 17. Ne4 Qxf2+ 18. Rxf2 Be7 19. b3 Nd6 20. c4 Nxe4 21. dxe4 Rad8 22. Kf1 f6 23. Nf3 b5 24. cxb5 cxb5 25. Ke1 c5 26. Ba5 Rxd1+ 27. Kxd1 Bd8 28. Bxd8 Rxd8+ 29. Kc2 c4 30. bxc4 Bxc4 31. Kb2 Kf8 32. Rd2 Rxd2+ 33. Nxd2 Be6 34. a3 a6 35. Kc3 Ke7 36. Kb4 Kd6 37. Nf3 Bc8 38. a4 bxa4 39. Kxa4 Kc5 40. Kb3 Bd7 41. Kc3 a5 42. Nd4 a4 43. e5 fxe5 44. fxe5 Kd5 45. Nf3 h6 46. h3 g5 47. h4 g4 48. Nd2 Kxe5 49. g3 h5 50. Kd3 Be6 0-1